Hollywood, legend and reality / (Record no. 9834)
[ view plain ]
| 000 -LEADER | |
|---|---|
| fixed length control field | 01002cam a2200301 a 4500 |
| 001 - CONTROL NUMBER | |
| JCCL Control Number | 9834 |
| 003 - CONTROL NUMBER IDENTIFIER | |
| JCCL marc code | BD-JhCC |
| 005 - DATE AND TIME OF LATEST TRANSACTION | |
| control field | 20180402082357.0 |
| 008 - FIXED-LENGTH DATA ELEMENTS--GENERAL INFORMATION | |
| fixed length control field | 180402s1986 maua b 001 0 eng |
| 020 ## - INTERNATIONAL STANDARD BOOK NUMBER | |
| International Standard Book Number | 0821215892 (pbk.) |
| 020 ## - INTERNATIONAL STANDARD BOOK NUMBER | |
| International Standard Book Number | 0821215884 (hard) |
| 035 ## - SYSTEM CONTROL NUMBER | |
| system control number | (BD-JhCC)9834 |
| 040 ## - CATALOGING SOURCE | |
| Original cataloging agency | DLC |
| Transcribing agency | DLC |
| Modifying agency | DLC |
| -- | BD-JhCC |
| 041 ## - LANGUAGE CODE | |
| Language code of Book | eng |
| 050 00 - LIBRARY OF CONGRESS CALL NUMBER | |
| Classification number | PN1993.5.U6 |
| Item number | H5914 1986 |
| 082 00 - DEWEY DECIMAL CLASSIFICATION NUMBER | |
| Classification number | 791.43/0973 |
| DDC Edition number | 19 |
| Author mark and Year | HOL 1986 |
| 245 00 - TITLE STATEMENT | |
| Title | Hollywood, legend and reality / |
| Statement of responsibility, etc | edited by Michael Webb. |
| 250 ## - EDITION STATEMENT | |
| Edition statement | 1st ed. |
| 260 ## - PUBLICATION, DISTRIBUTION, ETC. (IMPRINT) | |
| Place of publication, distribution, etc | Boston : |
| Name of publisher, distributor, etc | Little, Brown, in association with Smithsonian Institution Traveling Exhibition Service, |
| Date of publication, distribution, etc | c1986. |
| 300 ## - PHYSICAL DESCRIPTION | |
| Pagination | xi, 227 p. : |
| Other physical details | ill. (some col.) ; |
| Dimensions | 23 x 28 cm. |
| 500 ## - GENERAL NOTE | |
| General note | "A New York Graphic Society book." |
| 504 ## - BIBLIOGRAPHY, ETC. NOTE | |
| Bibliography, etc | Includes bibliographies and index. |
| 650 #0 - SUBJECT ADDED ENTRY--TOPICAL TERM | |
| Topical term or geographic name as entry element | Motion picture industry |
| Geographic subdivision | United States |
| General subdivision | History. |
| 650 #0 - SUBJECT ADDED ENTRY--TOPICAL TERM | |
| Topical term or geographic name as entry element | Motion pictures |
| Geographic subdivision | United States |
| General subdivision | History. |
| 700 1# - ADDED ENTRY--PERSONAL NAME | |
| Personal name | Webb, Michael, |
| Dates associated with a name | 1937- |
| 942 ## - ADDED ENTRY ELEMENTS (KOHA) | |
| Source of classification or shelving scheme | Dewey Decimal Classification |
| Koha item type | Reference |
| Source of classification or shelving scheme | Damaged status | Not for loan | Home library | Current library | Shelving location | Date of accession | Total Checkouts | Full call number | Barcode | Date last seen | Copy number | Koha item type |
|---|---|---|---|---|---|---|---|---|---|---|---|---|
| Dewey Decimal Classification | JCC Rouf Library | JCC Rouf Library | General Stacks | 04/02/2018 | 791.43/0973 HOL 1986 | 13334 | 04/02/2018 | C-1 | Reference |